| 000 | 01169nam a2200253 a 4500 | ||
|---|---|---|---|
| 001 | BRCA_9023 | ||
| 005 | 20190320210510.0 | ||
| 008 | 250717s1775----sp-ab#####---#000-0#spa-# | ||
| 041 | _aspa | ||
| 044 | _asp | ||
| 084 |
_aLE27 _b.M37 1775 |
||
| 100 | 1 |
_aMasillon, Juan Bautista _921887 |
|
| 245 | 1 | 0 |
_aSermones del Ilmo. señor Don Juan Bautista Masillo, Presbytero de la Congregacion del Oratorio, uno de los quarenta de la Academia Francesa, y Obispo de Clermont _ctraducido al español por el P. D. Pedro Diaz de Guereña, de la Congregacion de Clerios Reglares de San Cayetano. |
| 260 |
_aMadrid _bEn la Oficina de Pedro Marin _c1775 |
||
| 300 |
_a248 p. (t.10) _c21 x 15.2 cm |
||
| 500 | _aCon privilegio para toda la obra | ||
| 500 | _aEn portada: Se hallará en la Librería de Juan de Llera, Plazuela del Angel, junto á la Neveria, y en la Porteria de San Cayetano | ||
| 500 | _aEn portada: Quaresma predicada a Luis XV. y á su Corte, &c. | ||
| 500 | _aEstado físico: presenta encuadernación en pergamino | ||
| 650 | 1 | 4 |
_aSermones _yObras anteriores a 1800 _921369 |
| 700 | 1 |
_aDiaz de Guereña, Pedro _etr. _922378 |
|
| 902 | _aCFM | ||
| 942 |
_2lcc _cB |
||
| 999 |
_c8674 _d8674 |
||